000 00804nam a22001337a 4500
040 _cRUA
082 _aAGR SOK 2011 B050 Or.1
100 _aSOK, RATANAK
245 _aEffect of different organic mulching on sweet pepper under plastic house condition in royal university of agriculture ឥទ្ទិពលគំរបសរីរាង្គផ្សេងៗគ្នាលើការដាំដុះដំណាំម្ទេសហាវ៉ៃ ក្នុងលក្ខខណ្ឌផ្ទះប្លាស្ទិច នៅសាកលវិទ្យាល័យភូមិន្ទកសិកម្ម
260 _aPhnom Penh
_bRUA
_c2011
300 _axii, 60p.
_bill.
_c29cm.
856 _uhttps://drive.google.com/file/d/1UnxDfEXkcCXMrTYwz2SAW6Wb8p10n4pv/view?usp=sharing
942 _cAGR
999 _c1349
_d1349